000 01243nam a2200337 a 4500
001 vtls000289911
003 NLI
005 20210602131105.0
008 101203s1986 njua 001 0 eng
020 _a069107688X :
_cUSD 28.50
039 9 _y201012031919
_zVLOAD
040 0 _aNLI
_beng
_cEntertech-FY 2010
_eAACR2
041 0 _aeng
044 _anju
082 0 4 _a334.68309469
100 1 _aBermeo, Nancy Gina,
_d1951-
_9449652
245 1 4 _aThe revolution within the revolution :
_bworkers' control in rural Portugal /
_cNancy Gina Bermeo
260 _aPrinceton, :
_bPrinceton University Press,
_cc1986
300 _axix, 263 p. :
_bill. ;
_c25 cm.
504 _aIncludes bibliographical references and index
650 0 _aAgriculture, Cooperative
_zPortugal
_9449653
650 0 _aAgriculture and state
_zPortugal
_9368537
650 0 _aLand reform
_zPortugal
_9449654
651 0 _aPortugal
_xPolitics and government
_y1974-
_9262784
887 _a
901 _a491876
_b30.10.1986
902 _aE/O 334.68309469 B 456
949 _AVIRTUAITEM
_D10000
_X100
_6PUR000491876ENG
942 _2ddc
_cBKS
999 _aVIRTUA40
_c249727
_d249727
999 _aVTLSSORT0080*0200*0400*0410*0440*0820*1000*2450*2600*3000*5040*6500*6501*6502*6510*9010*9020*9490*9991